| 000 | 00524nam a2200109Ia 4500 | ||
|---|---|---|---|
| 008 | 220620s9999||||xx |||||||||||||| ||und|| | ||
| 245 | 0 | _aWorkshops in International Conference on Social Robotics | |
| 546 | _aEnglish[eng] | ||
| 650 | _aSocial robotics||Artificial intelligence||Human-computer interaction||Social robotics innovation||Robots and art||Robots and social intelligence | ||
| 856 | _uhttps://library.oapen.org/bitstream/20.500.12657/39695/1/workshops-in-international-conference-on-social-robotics.pdf | ||
| 942 | _cEB | ||
| 999 |
_c22850 _d22850 |
||